00417nam a2200133Ia 4500008004100000245005800041260004900099260000900148300001000157500000900167650001600176999001900192952007200211170224s9999 xx 000 0 und d aIndividual differences in fundamental social motives. bJournal of Personality and Social Psychology c2016 a110:6 aJune xPsychology. c316531d316531 001040aCLbCLd2017-02-24l0r2017-02-24 00:00:00w2017-02-24ySE